Sars Crane Apne Khawabon Mein Se Ud Kar Ja Chuke Hain / (Record no. 614337)
[ view plain ]
| 000 -LEADER | |
|---|---|
| fixed length control field | 00695nam a22001817a 4500 |
| 020 ## - INTERNATIONAL STANDARD BOOK NUMBER | |
| International Standard Book Number | 978-969-35-3509-9 |
| 082 ## - DEWEY DECIMAL CLASSIFICATION NUMBER | |
| Classification number | 891.4393 |
| Author Mark | ISI |
| 100 ## - MAIN ENTRY--PERSONAL NAME | |
| Personal name | Mazhar‑ul‑Islam |
| 245 ## - TITLE STATEMENT | |
| Title | Sars Crane Apne Khawabon Mein Se Ud Kar Ja Chuke Hain / |
| Statement of responsibility, etc. | Islam, Mazhar‑ul‑ |
| 260 ## - PUBLICATION, DISTRIBUTION, ETC. | |
| Place of publication, distribution, etc. | Lahore: |
| Name of publisher, distributor, etc. | Sang-e-Meel Publications, |
| Date of publication, distribution, etc. | 2023. |
| 300 ## - PHYSICAL DESCRIPTION | |
| Extent | 168 p. |
| Dimensions | 24cm. |
| 563 ## - BINDING INFORMATION | |
| Binding note | HB. |
| 650 ## - SUBJECT ADDED ENTRY--TOPICAL TERM | |
| Topical term or geographic name entry element | Urdu Literature - Novel. |
| 880 ## - ALTERNATE GRAPHIC REPRESENTATION | |
| Linkage | 100-01\(3\r |
| Title | مظہر الاسلام |
| 880 ## - ALTERNATE GRAPHIC REPRESENTATION | |
| Linkage | 245-02\(03\r |
| Title | سارس کرین اپنے خوابوں میں سے اڑ کر جا چکے ہیں |
| 880 ## - ALTERNATE GRAPHIC REPRESENTATION | |
| Linkage | 260-03\(03\r |
| Title | لاہور : |
| b | سنگِ میل پبلیکیشنز, |
| c | 2023. |
| 942 ## - ADDED ENTRY ELEMENTS (KOHA) | |
| Source of classification or shelving scheme | |
| Koha item type | Book |
| 650 ## - SUBJECT ADDED ENTRY--TOPICAL TERM | |
| -- | 1164 |
| Withdrawn status | Lost status | Source of classification or shelving scheme | Damaged status | Not for loan | Permanent Location | Current Location | Shelving location | Date acquired | Source of acquisition | Total Checkouts | Full call number | Barcode | Date last seen | Price effective from | Koha item type |
|---|---|---|---|---|---|---|---|---|---|---|---|---|---|---|---|
| Central Library (CL) | Central Library (CL) | Urdu Literature | 07/13/2025 | Donation | 891.4393 ISI | CL-D-2872 | 07/13/2025 | 07/13/2025 | Book |
